| 000 | 01018cam a22003253a 4500 | ||
|---|---|---|---|
| 001 | 13771515 | ||
| 003 | PILC | ||
| 005 | 20150827142816.0 | ||
| 008 | 040419s2004 nyu 000 1 eng d | ||
| 010 | _a 2004597425 | ||
| 020 | _a0446614238 (pbk.) | ||
| 035 | _a(OCoLC)ocm54976868 | ||
| 040 |
_aHHO _cHHO _dMR0 _dSVP _dUKM _dOCLCQ _dDLC |
||
| 042 | _alccopycat | ||
| 043 | _ae-uk-en | ||
| 050 | 0 | 0 |
_aPZ 7 _b.C339 2004 |
| 100 | 1 | _aCaskie, Kathryn. | |
| 245 | 1 | 0 |
_aRules of engagement / _cKathryn Caskie. |
| 260 |
_aNew York : _bWarner Books, _c2004. |
||
| 300 |
_aviii, 337 pages ; _c18 cm. |
||
| 500 | _aIncludes excerpt from: Lady in waiting (p. [327]-337). | ||
| 651 | 0 |
_aEngland _vFiction. |
|
| 655 | 7 |
_aRegency fiction. _2gsafd |
|
| 655 | 7 |
_aLove stories. _2gsafd |
|
| 655 | 7 |
_aHistorical fiction. _2gsafd |
|
| 710 | 2 |
_aCopyright Paperback Collection (Library of Congress) _5DLC |
|
| 906 |
_a7 _bcbc _ccopycat _d2 _encip _f20 _gy-genrareb |
||
| 942 |
_2lcc _cBK |
||
| 999 |
_c288539 _d288539 |
||